000 00489nam a2200181Ia 4500
001 2090
005 20260306143816.0
008 260306t2007||||xx |||||||||||||| ||spa||
041 _aESP
082 _a612.8
_bD264
100 _aDoidge, Norman
_eAUT
245 4 _aThe brain that changes itself:
_bstories of personal triumph from the frontiers of brain science
260 _c2007
300 _axx, 427 páginas :
_c21 cm.
650 _aGEN
654 _aCPS
942 _cLIB
_dJUS
_fJUS
_2ddc
_n
999 _c2090
_d2090